Mathematics (Record no. 11074)

MARC details
000 -LEADER
fixed length control field 00282nam a22000977a 4500
008 - FIXED-LENGTH DATA ELEMENTS--GENERAL INFORMATION
fixed length control field 180824b ||||| |||| 00| 0 eng d
020 ## - INTERNATIONAL STANDARD BOOK NUMBER
International Standard Book Number 9788189932152
100 ## - MAIN ENTRY--PERSONAL NAME
Personal name Sharma, J P
9 (RLIN) 5980
245 ## - TITLE STATEMENT
Title Mathematics
Remainder of title Based on the latest Syllabus
260 ## - PUBLICATION, DISTRIBUTION, ETC. (IMPRINT)
Place of publication, distribution, etc. New Delhi
Name of publisher, distributor, etc. Prachi Publication
Date of publication, distribution, etc. 2018
Holdings
Withdrawn status Lost status Source of classification or shelving scheme Damaged status Koha normalized classification for sorting Not for loan Home library Current library Shelving location Date acquired Total Checkouts Total Renewals Full call number Barcode Date last seen Date last checked out Price effective from Koha item type
    Dewey Decimal Classification   SHA_510_000000000000000   Good Samaritan School Library Good Samaritan School Library Mathematics 08/24/2018 13 1 SHA510 SHA15053 01/24/2025 12/12/2024 08/24/2018 BOOK

Powered by Koha